000 00468nam a2200181Ia 4500
008 151018s9999 xx 000 0 und d
082 _bRBASDV37815
_a891.463
100 _aबशीर मुजावर
245 _aकवच
250 _b1
260 _bपायल
_c2004
300 _a200
600 _aबशीर मुजावर
630 _aकवच
700 _aबशीर मुजावर
730 _aकवच
942 _cBOOK
999 _c1037229
_d1037226